000 00281nam a22001217a 4500
008 180111b xxu||||| |||| 00| 0 eng d
041 _aeng
080 _a78
100 _a45
101 _amus
245 _aSCORED FOR LISTERING A GUIDE TO MUSIC
_cSTARR.W,J
942 _2udc
_cBK
999 _c40095
_d40095